|
|
|
|
| LEADER |
00000ny a22000003n 4500 |
| 005 |
20110609120533.0 |
| 008 |
021127s2007 sp b 000 0 spa |
| 010 |
|
|
|a 2004375895
|
| 020 |
|
|
|a 9788484940586
|
| 035 |
|
|
|a 1667
|
| 040 |
|
|
|a DLC
|c DLC
|d vLex
|
| 043 |
|
|
|a e-sp---
|
| 050 |
0 |
0 |
|a KKT3552.4.F67
|b N54 2002
|
| 050 |
0 |
0 |
|a KKT3552.4.F67
|b N54 2002
|
| 090 |
|
|
|c 603
|d 603
|
| 100 |
1 |
|
|a Nieto Montero, Juan Još
|
| 245 |
1 |
3 |
|a La imputacin̤ de rentas en la transparencia fiscal internacional
|h [Recurso electrn̤ico]
|b regulacin̤ legal en el impuesto sobre la renta de las personas fs̕icas y en el impuesto sobre sociedades /
|c Juan Jos ̌Nieto Montero, M.a Begoą Villaverde Gm̤ez
|
| 256 |
|
|
|a Servicio en ln̕ea
|
| 260 |
|
|
|a [Madrid] :
|b Edersa,
|c 2007
|
| 300 |
|
|
|a p. ;
|c cm.
|
| 506 |
1 |
|
|a Contenido solo disponible en los productos indicados
|d vLex Global
|d vLex Global (Academic Edition, excluding Law Schools)
|d vLex Global (U.S. Academic Edition, Law Schools)
|d vLex Global (U.S. Academic Edition, excluding Law Schools)
|d vLex Global (Academic Edition, Law Schools)
|
| 650 |
0 |
7 |
|a Tributario
|2 Tesauro vLex
|
| 650 |
0 |
7 |
|a Derecho tributario
|2 Tesauro vLex
|
| 650 |
0 |
7 |
|a Derecho fiscal
|2 Tesauro vLex
|
| 650 |
0 |
7 |
|a Transparencia fiscal internacional
|2 Tesauro vLex
|
| 650 |
0 |
7 |
|a Transparecia fiscal
|2 Tesauro vLex
|
| 700 |
1 |
|
|a Villaverde Gm̤ez, Mara̕ Begoą
|
| 740 |
0 |
|
|a vLex Libros (Servicios en ln̕ea)
|
| 856 |
4 |
0 |
|u http://vlex.com/source/1667
|z Acceso restringido
|
| 942 |
|
|
|c BOOK
|
| 999 |
0 |
|
|a Taxation
|b Madrid
|